000 01144cam a2200289 4500
008 030901n2003 000 0 eng u
020 _a1405115564
035 _a(Sirsi) u123423
041 _aeng
050 _a692.8
_c18
100 _aChappell, David
245 _aStandard letters in architectural practice
250 _a3rd ed.
260 _aOxford
_bBlackwell
_c2003
300 _axii, 320p.
_c26cm.
350 _a49.50
520 _aThird edition of a book that provides around 285 standard letters for use at all stages of project administration. Unless otherwise stated, the letters can be used with JCT 1998, WCD 1998, IFC 1998, MW 1998 and GC/Works/1 (1998). Written primarily for architects and contract administrators, this book will also be useful for other construction professionals.
520 _aSuperseded by 4th ed. ISBN 9781405179652
650 _aARCHITECTURAL PRACTICE
650 _aARCHITECTS
650 _aSTANDARD LETTERS
650 _aBUILDING CONTRACTORS
650 _aBUILDING PROJECTS
650 _aPROJECT ADMINISTRATION
690 _aBUILT ENVIRONMENT-BUILDING CONTRACT FORMS
942 _n0
999 _c103034
_d103034